000 01278nam1a2200265 i 4500
001 RU\NLR\BIBL_A\011785386
005 20240921151451.0
035 _a(NLR Aleph) 011785386
090 _a11797895
_c11797895
100 _a20180831g20189999u y0rusy50 ca
101 0 _arus
102 _aRU
105 _a||||z||||||||
200 1 _aНаши земляки
_eучастники Первой мировой войны, 1914-1918
_eпосвящается уроженцам и жителям Шатурского края, защитникам Отечества
_e[сборник статей]
_fсоставитель: Т.Л. Митюшина
210 _aШатура
_cПеро
_d2018
215 _d30
300 _aНа тит. л. и обл.: К 100-летию окончания Первой мировой войны, 1914-1918
606 1 _aПервая мировая война
_jСборники
_xГерои и героизм
_yРоссия
_yРязанская губерния
_z1914 - 1918
_92339993
_3RU\NLR\AUTH\6601622329
686 1 _aТ3(2Р-4Ря)524.1я43
686 1 _aЦ35(2)523(2Р-4Ря)я43
702 1 _aМитюшина
_bТ.Л.
_4220
852 _aNLR
_j2018-8/2710
942 _cBOOK